Škálovateľné personalizované odporúčanie

Na minha lista:
Detalhes bibliográficos
Autor principal: Hunka, Mário (Author)
Outros Autores: Kompan, Michal (Thesis advisor)
Formato: Manuscrito Livro
Idioma:eslovaco
Publicado em: 2018
Assuntos:
Acesso em linha:http://is.stuba.sk/zp/portal_zp.pl?podrobnosti=138011
Tags: Adicionar Tag
Sem tags, seja o primeiro a adicionar uma tag!

MARC

LEADER 00000ntm a22000003a 4500
001 stuzp70473
003 SK-STU
005 20190327155312.9
007 ta
008 150427s2015----xo-----f-mn---000-0-slo-d
040 |a STU  |b slo 
041 0 |a slo 
044 |a xo 
100 1 |a Hunka, Mário  |u 070200  |k Z4  |4 aut  |U FIIT Fakulta informatiky a informačných technológií  |T FIIT Ústav informatiky, informačných systémov a softvérového inžinierstva  |X 72114  |U I200  |Y 179  |7 72114 
242 0 1 |a Scalable personalized recommendation  |y eng 
245 1 0 |a Škálovateľné personalizované odporúčanie 
260 |c 2018 
300 |a 60 s., príl.,  |e CD-rom 
650 4 |a škálovateľnosť  |2 slo 
650 4 |a personalizácia  |2 slo 
650 4 |a prediktívna analýza  |2 slo 
650 4 |a kolaboratívne filtrovanie  |2 slo 
650 4 |a odporúčacie systémy  |2 slo 
650 4 |a personalization  |2 eng 
650 4 |a recommendation systems  |2 eng 
650 4 |a scalability  |2 eng 
650 4 |a predictive analysis  |2 eng 
650 4 |a collaborative filtering  |2 eng 
700 1 |a Kompan, Michal  |u 070200  |k Z1  |4 ths  |U FIIT Fakulta informatiky a informačných technológií  |T FIIT Ústav informatiky, informačných systémov a softvérového inžinierstva  |X 29626  |U I200  |Y 179  |7 29626 
856 4 |u http://is.stuba.sk/zp/portal_zp.pl?podrobnosti=138011 
996 |b IZP20180182  |c I*DP28/18  |l II680  |s P  |a 0  |w stuzp70473_0001